Fourth year integrated course diseases of poultry
Wedi'i Gadw mewn:
| Fformat: | Llyfr |
|---|---|
| Iaith: | Undetermined |
| Cyhoeddwyd: |
University Of Glasgow Veterinary School
1983
|
| Pynciau: | |
| Tagiau: |
Ychwanegu Tag
Dim Tagiau, Byddwch y cyntaf i dagio'r cofnod hwn!
|
| Thư viện lưu trữ: | Trung tâm Học liệu Trường Đại học Cần Thơ |
|---|
| LEADER | 00502nam a2200169Ia 4500 | ||
|---|---|---|---|
| 001 | CTU_126568 | ||
| 008 | 210402s9999 xx 000 0 und d | ||
| 082 | |a 636.5089 | ||
| 082 | |b F781 | ||
| 245 | 0 | |a Fourth year integrated course diseases of poultry | |
| 245 | 0 | |c University Of Glasgow Veterinary School | |
| 260 | |b University Of Glasgow Veterinary School | ||
| 260 | |c 1983 | ||
| 650 | |a Poultry | ||
| 650 | |x Diseases | ||
| 904 | |i M.Loan | ||
| 980 | |a Trung tâm Học liệu Trường Đại học Cần Thơ | ||